Влияние каталитических добавок на основе WC на состав продуктов превращения тяжелого углеводородного сырья; Творчество юных - шаг в успешное будущее

Detalles Bibliográficos
Parent link:Творчество юных - шаг в успешное будущее.— 2016.— [С. 523-525]
Autor Corporativo: Национальный исследовательский Томский политехнический университет (ТПУ)
Outros autores: Морозов М. А. (научный руководитель), Акимов А. С., Журавков С. П. Сергей Петрович, Федущак Т. А.
Summary:Заглавие с титульного экрана
Idioma:ruso
Publicado: 2016
Series:Переработка углеводородного сырья и получение нефтепродуктов для экстремальных условий Арктики
Subjects:
Acceso en liña:http://earchive.tpu.ru/handle/11683/36799
Formato: MixedMaterials Electrónico Capítulo de libro
KOHA link:https://koha.lib.tpu.ru/cgi-bin/koha/opac-detail.pl?biblionumber=622077

MARC

LEADER 00000naa2a2200000 4500
001 622077
005 20240118150735.0
035 |a (RuTPU)RU\TPU\conf\20729 
035 |a RU\TPU\conf\20728 
090 |a 622077 
100 |a 20170206d2016 k y0rusy50 ca 
101 0 |a rus 
102 |a RU 
105 |a y z 101zy 
135 |a drcn ---uucaa 
181 0 |a i  
182 0 |a b 
200 1 |a Влияние каталитических добавок на основе WC на состав продуктов превращения тяжелого углеводородного сырья  |f М. А. Морозов [и др.]  |g науч. рук. Т. А. Федущак 
203 |a Текст  |c электронный 
225 1 |a Переработка углеводородного сырья и получение нефтепродуктов для экстремальных условий Арктики 
300 |a Заглавие с титульного экрана 
320 |a [Библиогр.: с. 525 (2 назв.)] 
463 1 |0 (RuTPU)RU\TPU\conf\20537  |t Творчество юных - шаг в успешное будущее  |o Арктика и её освоение  |o материалы IX Всероссийской научной молодежной конференции с международным участием с элементами научной школы имени профессора М.К. Коровина, г. Томск, 10-14 октября 2016 г.  |f Национальный исследовательский Томский политехнический университет (ТПУ) ; под ред. А. Ю. Дмитриева  |v [С. 523-525]  |d 2016 
610 1 |a труды учёных ТПУ 
610 1 |a электронные ресурсы 
610 1 |a нефтепереработка 
610 1 |a катализаторы 
610 1 |a карбид вольфрама 
610 1 |a крекинг 
610 1 |a нефтяное сырье 
701 1 |a Морозов  |b М. А. 
701 1 |a Акимов  |b А. С. 
701 1 |a Журавков  |b С. П.  |c химик  |c ведущий научный сотрудник, доцент Томского политехнического университета, кандидат химических наук  |f 1961-  |g Сергей Петрович  |3 (RuTPU)RU\TPU\pers\28225  |9 13178 
701 1 |a Федущак  |b Т. А. 
702 1 |a Федущак  |b Т. А.  |4 727 
712 0 2 |a Национальный исследовательский Томский политехнический университет (ТПУ)  |c (2009- )  |3 (RuTPU)RU\TPU\col\15902 
801 2 |a RU  |b 63413507  |c 20170213  |g RCR 
856 4 |u http://earchive.tpu.ru/handle/11683/36799 
942 |c BK